[Event "NED-ch U14 op"]
[Site "Borne"]
[Date "2013.08.07"]
[Round "5"]
[White "Van Harten, Lucas"]
[Black "Van Ham, Torsten"]
[Result "0-1"]
[WhiteElo "1118"]
[BlackElo "972"]
[PlyCount "70"]
[EventDate "2013.08.05"]
[EventType "swiss"]
[EventRounds "9"]
[EventCountry "NED"]
[SourceTitle "EXT 2015"]
[Source "ChessBase"]
[SourceDate "2014.11.20"]
[SourceVersion "1"]
[SourceVersionDate "2014.11.20"]
[SourceQuality "1"]

1. e4 e5 2. f4 d6 3. Nf3 Nf6 4. Nc3 Nc6 5. Bb5 Bg4 6. 0-0 Qd7 7. h3 Bxf3 8. Rxf3 a6 9. Ba4 0-0-0 10. Qe2 Re8 11. Nd5 exf4 12. Nxf6 gxf6 13. d4 d5 14. Rxf4 Bh6 15. Rh4 Bg5 16. Bxg5 fxg5 17. Rg4 h6 18. e5 f5 19. Rg3 Re6 20. Rc3 h5 21. Rc5 g4 22. hxg4 hxg4 23. c4 dxc4 24. Qxc4 Reh6 25. Bxc6 bxc6 26. Qxa6+ Kb8 27. Rc4 c5 28. Qa3 Rh1+ 29. Kf2 Rxa1 30. Qb3+ Kc8 31. Ra4 Qc6 32. d5 Qb7 33. Qc3 Qxd5 34. e6 Re8 35. Ra6 Qd4+ 0-1